000 nam a22 7a 4500
999 _c2138
_d2138
005 20170515124602.0
008 170515b1982 ny ||||| |||| 00| 0 eng d
020 _a0442256477
040 _aAKMAL
082 _a362.83 ROY
090 _a362.83
_bROY
245 0 4 _aThe Abusive partner :
_b an analysis of domestic battering /
_cedited by Maria Roy
260 _a New York :
_bVan Nostrand Reinhold,
_cc1982
300 _a xii, 319 p. :
_b ill. ;
_c24cm
504 _a Includes bibliographical references and index.
650 0 _aWife abuse
_zUnited States
_94461
700 1 _aRoy, Maria
_94462
942 _2ddc
_cBOOK